| 000 | 01131cas a2200289 4500 | ||
|---|---|---|---|
| 005 | 20170407122543.0 | ||
| 008 | 780817d19791996nyubr p 0 a0eng c | ||
| 022 | 0 | _a0162-3095 | |
| 040 |
_aNSD _cNSD _dDLC _dRCS _dAIP _dAGL _dNST _dUMC _dNSD _dOCL _dDLC _dCUS _dNLM _dOCLCQ _dGUA _dNLGGC _dLVB _dNSD _dOCLCQ _dUKMGB _dIUL _dOCLCF _dOCLCO _dOCLCQ _dOCLCO _dOCLCQ _dOCLCO _dIUL _dDLC _dCO-BoIAVH |
||
| 041 | 0 |
_aeng _beng |
|
| 044 | _axxu | ||
| 090 | _aSE | ||
| 245 | 0 | 0 | _aEthology and sociobiology. |
| 260 |
_aNueva York (Estados Unidos) : _bElsevier, _c1979-. |
||
| 300 |
_bilustraciones ; _c26 x 18 cm |
||
| 310 |
_b1988-1996 _ab |
||
| 321 |
_aq _b1979-1987 |
||
| 504 | _aIncluye referencias bibliográficas. | ||
| 650 | 2 | 6 |
_aPsicología _vPublicaciones periódicas |
| 650 | 2 | 6 |
_aComportamiento animal _vPublicaciones periódicas |
| 650 | 2 | 6 |
_aCiencia y sociedad _vPublicaciones periódicas |
| 650 | 2 | 6 |
_aEtología _vPublicaciones periódicas |
| 650 | 2 | 6 |
_aBiología _xevolución |
| 650 | 2 | 6 | _aComportamiento social |
| 650 | 2 | 6 |
_aSociobiología _vPublicaciones periódicas |
| 942 |
_2z _cREVISTA _s1 |
||
| 999 |
_c17350 _d17350 |
||